LEADER 00931nam a2200217 i 4500 001 000000234510 003 CaOOAMICUS 005 20250826094519.0 008 141015s1752 it u000 u fre u 013 $a213413 026 $a6.l. u-e. dee, leMe (3) 1752 (R) 040 $aSeMil$bita 245 10$aTome 7. Qui renferme le quinziéme siecle. 250 $aNouvelle edition révue par l'auteur. 300 $aXXIV, 753, [1] p. 500 $aSegn.: a12 A-2H12 2I6(-2I6). 773 0 $aRacine, Bonaventure$tAbrégé de l'histoire ecclésiastique, contenant les événemens considérables de chaque siécle avec des reflexions. Tome 1.[-15.].$dA Utrecht : Aux dépens de la Compagnie, 1748-1762.$g7$w()30712 850 $aSeMil 852 $aSeMil$W1$xVenegono$y1$m3A II 67 FA$j184856$B184856$CSeMilBibl$Z2$F195810 $8I 996 $6245$aTome 7. Qui renferme le quinziéme siecle$9(OLS)http://semarc/title/334672 LEADER 00631nam a2200169 i 4500 001 000000027763 003 CaOOAMICUS 005 20180830125447.0 008 180830s1956 it u000 u ita u 040 $aSeMil$bita 100 1 $aD'Avack, Pietro Agostino.$0(OLS)http://semarc/name/12400 245 10$aCorso di diritto canonico /$cPietro Agostino D'Avack. 260 $aMilano :$bGiuffrè,$c1956. 300 $av. ;$c26 cm. 774 0 $tIntroduzione sistematica al diritto della Chiesa.$g1$w()59399 996 $6245$aCorso di diritto canonico$9(OLS)http://semarc/title/25807 996 $6260$aMilano :$bGiuffrè$9(OLS)http://semarc/publisher/29926